Every 100,000+ City in The Philippines - Statistics

General Stats
  • This quiz has been taken 83 times
    12 since last reset
  • The average score is 21 of 127
Answer Stats
Letter Population City % Correct
M 23,550,103 Manila
100%
Q-C 3,406,895 Quezon City
100%
A 762,131 Angeles
89%
C 2,648,752 Cebu
89%
D 2,114,225 Davao
89%
G-S 730,048 General Santos
78%
C-D-O 1,104,453 Cagayan de Oro
67%
Z 1,140,036 Zamboanga
67%
C 1,729,032 Caloocan
56%
T 1,310,960 Taguig
56%
A 1,047,354 Antipolo
44%
D 711,218 Dasmariñas
44%
I 574,028 Iloilo
44%
P 866,963 Pasig
44%
B 612,509 Bacolod
33%
B 683,955 Bacoor
33%
C 591,736 Calamba
33%
G-T 490,124 General Trias
33%
L-P 616,772 Las Piñas
33%
M 629,616 Makati
33%
P 709,038 Parañaque
33%
P-P 315,122 Puerto Princesa
33%
S-J-D-M 651,813 San Jose del Monte
33%
V 714,978 Valenzuela
33%
B 431,598 Baguio
22%
B 531,367 Batangas
22%
B 610,005 Biñan
22%
C 340,259 Cotabato
22%
I 371,050 Iligan
22%
I 111,334 Isabela
22%
J 205,136 Jolo
22%
L-L 541,826 Lapu-Lapu
22%
L 290,133 Lucena
22%
M 380,522 Malabon
22%
M 425,758 Mandaluyong
22%
M 409,371 Mandaue
22%
M 155,076 Marawi
22%
M 472,159 Marikina
22%
M 543,445 Muntinlupa
22%
N 256,316 Navotas
22%
P 440,656 Pasay
22%
S-F 130,640 | 381,305 San Fernando
22%
S-J 102,917 San Jose
22%
S-J 127,045 San Juan
22%
S-P 287,082 San Pablo
22%
S-R 436,812 Santa Rosa
22%
T 107,082 Tagbilaran
22%
T 385,398 Tarlac
22%
B 235,860 Butuan
11%
C 100,674 Cavite
11%
D 203,185 Dagupan
11%
D 108,149 Dipolog
11%
D 207,503 Dumaguete
11%
I 502,011 Imus
11%
K 125,356 Koronadal
11%
L 110,651 Laoag
11%
L 274,048 Legazpi
11%
L 308,548 Lipa
11%
M 101,712 Malaybalay
11%
M 266,189 Malolos
11%
M 104,522 Masbate
11%
N 124,184 | 211,406 Naga
11%
O 260,317 Olongapo
11%
O 110,413 Ormoc
11%
R 455,932 Rodriguez
11%
R 184,292 Roxas
11%
S-M 278,435 San Mateo
11%
S-P 356,401 San Pedro
11%
S 120,661 Santiago
11%
T 260,702 Tacloban
11%
T 296,202 Tagum
11%
V 136,501 Valencia
11%
A 141,492 Angono
0%
A 105,160 Apalit
0%
B 104,173 Balanga
0%
B 170,315 Baliwag
0%
B 313,631 Binangonan
0%
B 143,088 Bocaue
0%
B 102,118 Bongao
0%
C 304,518 Cabanatuan
0%
C 370,330 Cabuyao
0%
C 402,017 Cainta
0%
C 115,350 Calapan
0%
C 119,470 Calumpit
0%
C 102,881 Candelaria
0%
C 112,256 Carmona
0%
C 161,012 Consolacion
0%
D 116,421 Danao
0%
D 190,063 Digos
0%
D 124,209 Dinalupihan
0%
G 102,915 Gapan
0%
G-M-A 171,439 General Mariano Alvarez
0%
G 113,415 Guiguinto
0%
K 107,535 Kawit
0%
K 110,662 Kidapawan
0%
L 154,197 Liloan
0%
M 221,605 Mabalacat
0%
M 257,090 Marilao
0%
M 127,452 Mati
0%
M 113,403 Mexico
0%
M 240,142 Meycauayan
0%
M 157,065 Minglanilla
0%
N 146,735 Naic
0%
O 109,304 Ozamiz
0%
P 160,452 Pagadian
0%
P 159,230 Panabo
0%
P 104,310 Plaridel
0%
P 122,605 Polomolok
0%
R 110,807 Rosario
0%
S-C 101,125 Santa Cruz
0%
S-M 209,007 Santa Maria
0%
S 178,644 Silang
0%
S 102,350 Sorsogon
0%
S 141,306 Surigao
0%
T 132,263 Tabaco
0%
T 103,319 Tacurong
0%
T 101,338 Talavera
0%
T 271,040 Talisay
0%
T 122,960 Tanauan
0%
T 312,116 Tanza
0%
T 422,660 Taytay
0%
T 107,113 Toledo
0%
T-M 220,367 Trece Martires
0%
T 190,409 Tuguegarao
0%
U 119,577 Urdaneta
0%
No matching quizzes found
Score Distribution
Percent of People with Each Score
Percentile by Number Answered
Your Score History
You have not taken this quiz since the last reset